| 000 | 00435nam a22001217a 4500 | ||
|---|---|---|---|
| 999 |
_c10233 _d10233 |
||
| 003 | OSt | ||
| 008 | 201218b ||||| |||| 00| 0 eng d | ||
| 245 | _aIETE Technical Review | ||
| 250 | _a2016(May-Jun Vol.33 No.3, Jul-Aug Vol.33 No.4, Sep-Oct Vol.33 No.5, Nov-Dec Vol.33 No.6) | ||
| 260 |
_aNew Delhi _bInstitution of Electronics and Telecommunication Engineers |
||
| 650 | _aElectronics and Communication Engineering | ||
| 942 |
_2ddc _cBV |
||